| 000 | 00634nam a22001935i 4500 | ||
|---|---|---|---|
| 001 | 157243 | ||
| 003 | ES-MaACL | ||
| 005 | 20230906210629.0 | ||
| 008 | 950206s1867 fr |||| | fre d | ||
| 040 | _aCLM | ||
| 100 | 1 |
_aLaugel, Auguste. _9128735 |
|
| 245 | 1 | 3 |
_aLa voix, l'oreille et la musique / _cpar Auguste Laugel. |
| 260 |
_aParis : _bGermer Baillière, _c1867 ( _fImprimerie de E. Martinet) |
||
| 300 |
_aXII, 163 p. ; _c19 cm. |
||
| 490 | 1 | _aBibliotheque de Philosophie Contemporaine | |
| 830 | 0 |
_aBibliotheque de Philosophie Contemporaine _9181027 |
|
| 852 |
_aES-MaACL _jF-12026 _z-- Enc. pasta |
||
| 999 |
_c157243 _d157243 |
||